[Event "2021 FIDE Online Olympiad"]
[Site "Chess.com"]
[Date "2021.09.03"]
[Round "4"]
[Board "6"]
[White "Abaeva, Aiana"]
[Black "Weng, Yu-Hsin"]
[Result "1-0"]
[WhiteElo "1340"]
[BlackElo "1000"]
[PlyCount "119"]
[EventDate "2021.09.02"]
[EventType "team"]
[EventRounds "9"]
[EventCountry "FID"]
[WhiteTeam "Kyrgyzstan"]
[BlackTeam "Chinese Taipei"]

1. e4  e6  2. d3  c5  3. Nf3  d6  4. g3  Nc6  5. Bg2  g6  6. O-O  Bg7  7. c3  Nge7  8. Be3  O-O  9. Qd2  Qc7  10. d4  cxd4  11. cxd4  f5  12. exf5  Nxf5  13. Nc3  Nxe3  14. fxe3  a6  15. Rac1  Qb6  16. Rcd1  Bd7  17. d5  Bh6  18. Rfe1  exd5  19. Nxd5  Qd8  20. Nf4  Rf6  21. Nd4  Nxd4  22. Qxd4  Bg4  23. Rc1  Bc8  24. Nd5  Rf7  25. Nb6  Bg7  26. Qb4  a5  27. Qb3  Rb8  28. Bd5  Kh8  29. Bxf7  Bf5  30. Bc4  Qf6  31. Nd5  Qe5  32. Rf1  Bh3  33. Rf2  Bh6  34. Qc3  Qxc3  35. Rxc3  Re8  36. Bf1  Be6  37. Nc7  Re7  38. Nxe6  Rxe6  39. Re2  Bg7  40. Rc8+  Bf8  41. Rxf8+  Kg7  42. Ref2  b5  43. Bxb5  d5  44. R2f4  Rxe3  45. R4f7+  Kh6  46. Rh8  d4  47. Rhxh7+  Kg5  48. Bd7  Rxg3+  49. hxg3  d3  50. Rf2  a4  51. Re7  a3  52. bxa3  d2  53. Rxd2  Kh6  54. Rd6  Kg5  55. Be8  Kf5  56. Bxg6+  Kg5  57. Kf2  Kg4  58. Kg2  Kg5  59. Re5+  Kg4  60. Rd4#   1-0

[Event "2021 FIDE Online Olympiad"]
[Site "Chess.com"]
[Date "2021.09.03"]
[Round "4"]
[Board "1"]
[White "Zeng, Chongsheng"]
[Black "Delaney, Killian"]
[Result "1-0"]
[WhiteElo "2499"]
[BlackElo "2132"]
[PlyCount "85"]
[EventDate "2021.09.02"]
[EventType "team"]
[EventRounds "9"]
[EventCountry "FID"]
[WhiteTeam "Shenzhen China"]
[BlackTeam "Ireland"]

1. e4  c6  2. d4  d5  3. Nd2  dxe4  4. Nxe4  Nf6  5. Nxf6+  exf6  6. c3  Bd6  7. Bd3  O-O  8. Qc2  Re8+  9. Ne2  h5  10. Be3  Nd7  11. O-O-O  Nf8  12. Kb1  Be6  13. Ng3  g6  14. Ne4  Be7  15. h4  b5  16. Nc5  Bd5  17. Rhe1  f5  18. g3  a5  19. a4  bxa4  20. Qxa4  Nd7  21. Nxd7  Qxd7  22. Bf4  Bd6  23. Be5  Bf3  24. Rd2  f6  25. Re3  fxe5  26. dxe5  Bd5  27. exd6  Rxe3  28. fxe3  Qxd6  29. Qf4  Qxf4  30. exf4  Re8  31. Re2  Rxe2  32. Bxe2  Kf7  33. c4  Be4+  34. Ka2  c5  35. Ka3  Bc6  36. Bd1  Ke7  37. Ba4  Kd6  38. Bb5  Bf3  39. Ka4  Be2  40. Kxa5  Bf1  41. Kb6  Be2  42. b4  cxb4  43. c5+   1-0

[Event "2021 FIDE Online Olympiad"]
[Site "Chess.com"]
[Date "2021.09.03"]
[Round "4"]
[Board "3"]
[White "Zhao, Xue"]
[Black "Kanyamarala, Trisha"]
[Result "1-0"]
[WhiteElo "2442"]
[BlackElo "1811"]
[PlyCount "71"]
[EventDate "2021.09.02"]
[EventType "team"]
[EventRounds "9"]
[EventCountry "FID"]
[WhiteTeam "Shenzhen China"]
[BlackTeam "Ireland"]

1. e4  c5  2. Nf3  d6  3. d4  cxd4  4. Nxd4  Nf6  5. Nc3  Nc6  6. Bg5  e6  7. Qd2  a6  8. O-O-O  Bd7  9. Kb1  b5  10. a3  Qb6  11. Nb3  Ne5  12. Qe1  Be7  13. f4  Nc4  14. e5  dxe5  15. fxe5  Ng8  16. Bf4  Bc6  17. Qg3  Bf8  18. Bxc4  bxc4  19. Nd2  Bd5  20. Nde4  Rb8  21. Bc1  Bxe4  22. Nxe4  Nh6  23. Nd6+  Bxd6  24. Rxd6  Qb5  25. Qxg7  Rg8  26. Qxh6  c3  27. Qf6  Rg6  28. Qh8+  Ke7  29. Qxh7  cxb2  30. Qh4+  Ke8  31. Qh8+  Ke7  32. Bg5+  Rxg5  33. Qf6+  Ke8  34. Rhd1  Qa5  35. Rd7  Rf5  36. Qe7#   1-0

[Event "2021 FIDE Online Olympiad"]
[Site "Chess.com"]
[Date "2021.09.03"]
[Round "4"]
[Board "4"]
[White "Ferguson, Dayna"]
[Black "Xu, Tong"]
[Result "0-1"]
[WhiteElo "1374"]
[BlackElo "2111"]
[PlyCount "88"]
[EventDate "2021.09.02"]
[EventType "team"]
[EventRounds "9"]
[EventCountry "FID"]
[WhiteTeam "Ireland"]
[BlackTeam "Shenzhen China"]

1. d4  d5  2. Bf4  e6  3. e3  Nf6  4. Nf3  Be7  5. Bd3  O-O  6. c4  dxc4  7. Bxc4  c5  8. Nc3  Nc6  9. O-O  cxd4  10. exd4  Nb4  11. a3  Nbd5  12. Bg5  h6  13. Bh4  Nxc3  14. bxc3  Bd7  15. Qd3  Bc6  16. Ne5  Bd5  17. Bb5  a6  18. Ba4  b5  19. Bc2  Be4  20. Qd2  Bxc2  21. Qxc2  Rc8  22. Qd3  Nd5  23. Bxe7  Qxe7  24. c4  bxc4  25. Nxc4  Nf4  26. Qe3  Qg5  27. g3  Rxc4  28. Qxf4  Qxf4  29. gxf4  Rxd4  30. Rab1  Rxf4  31. Rb6  Ra4  32. Ra1  Rc8  33. Kg2  Rc3  34. Rb8+  Kh7  35. Rb7  Kg6  36. Rd1  Rcxa3  37. Rdd7  Rg4+  38. Kf1  Rf4  39. Kg2  Ra2  40. Kg3  Rfxf2  41. h4  Rg2+  42. Kh3  Rgf2  43. Rd4  Ra3+  44. Kg4  h5#   0-1

[Event "2021 FIDE Online Olympiad"]
[Site "Chess.com"]
[Date "2021.09.03"]
[Round "4"]
[Board "5"]
[White "Xue, Haowen"]
[Black "Kanyamarala, Tarun"]
[Result "1-0"]
[WhiteElo "2128"]
[BlackElo "2018"]
[PlyCount "71"]
[EventDate "2021.09.02"]
[EventType "team"]
[EventRounds "9"]
[EventCountry "FID"]
[WhiteTeam "Shenzhen China"]
[BlackTeam "Ireland"]

1. d4  Nf6  2. c4  e6  3. g3  d5  4. Nf3  Bb4+  5. Bd2  Be7  6. Bg2  c6  7. Qb3  Nbd7  8. O-O  a5  9. Bf4  Ne4  10. Nc3  Nd6  11. c5  Nf5  12. e4  dxe4  13. Nxe4  Nf6  14. Nxf6+  Bxf6  15. Rad1  h5  16. Ne5  g5  17. Be3  a4  18. Qc2  Bxe5  19. dxe5  Qe7  20. Rd6  f6  21. exf6  Qxf6  22. Qd2  Nxd6  23. cxd6  Rg8  24. f4  g4  25. Bd4  Qd8  26. Be5  Qa5  27. Qc2  Bd7  28. Rd1  h4  29. Qh7  O-O-O  30. Qxh4  Qc5+  31. Kh1  Qc2  32. Rg1  Rdf8  33. Qh5  Be8  34. Qh6  Kd7  35. Re1  Rg6  36. Qxf8   1-0

[Event "2021 FIDE Online Olympiad"]
[Site "Chess.com"]
[Date "2021.09.03"]
[Round "4"]
[Board "6"]
[White "Putar, Lara"]
[Black "Li, Xinyu"]
[Result "0-1"]
[WhiteElo "1516"]
[BlackElo "2167"]
[PlyCount "128"]
[EventDate "2021.09.02"]
[EventType "team"]
[EventRounds "9"]
[EventCountry "FID"]
[WhiteTeam "Ireland"]
[BlackTeam "Shenzhen China"]

1. d4  d5  2. c4  e6  3. Nf3  a6  4. a4  Nf6  5. g3  b6  6. Bg2  Bb7  7. O-O  Nbd7  8. Nc3  Bd6  9. Qc2  O-O  10. e4  Nxe4  11. Nxe4  dxe4  12. Ng5  Nf6  13. c5  Be7  14. c6  Bc8  15. Nxe4  a5  16. Be3  Nd5  17. Rad1  Ba6  18. Rfe1  Nb4  19. Qb3  Rb8  20. Bf1  Bxf1  21. Kxf1  Nxc6  22. d5  exd5  23. Rxd5  Qc8  24. Red1  Qe6  25. Ng5  Bxg5  26. Bxg5  Nb4  27. R5d3  Nxd3  28. Qxe6  fxe6  29. Rxd3  Rf7  30. Rc3  e5  31. Ke2  Rbf8  32. Be3  Rd8  33. Rc4  Kf8  34. b4  axb4  35. Rxb4  Rd5  36. Rc4  Ke8  37. Bd2  Kd7  38. Bc3  Kd6  39. Bb4+  Kd7  40. Bc3  Rc5  41. Rxc5  bxc5  42. Bxe5  Ke6  43. f4  Kd5  44. Kd3  c6  45. a5  Ra7  46. Bc3  g6  47. g4  Rf7  48. Ke3  Kc4  49. Bd2  Re7+  50. Kf3  Kd3  51. Bc1  Ra7  52. f5  gxf5  53. gxf5  Rxa5  54. f6  Ra7  55. Kf4  Kd4  56. Kf5  Kd5  57. h4  c4  58. Bb2  Rb7  59. Bc3  c5  60. Kg5  Ke6  61. Kf4  Rb3  62. Be5  c3  63. Ke4  c2  64. Bf4  Rb1   0-1

[Event "2021 FIDE Online Olympiad"]
[Site "Chess.com"]
[Date "2021.09.03"]
[Round "4"]
[Board "1"]
[White "Murshed, Niaz"]
[Black "Priasmoro, Novendra"]
[Result "1-0"]
[WhiteElo "2476"]
[BlackElo "2312"]
[PlyCount "85"]
[EventDate "2021.09.02"]
[EventType "team"]
[EventRounds "9"]
[EventCountry "FID"]
[WhiteTeam "Bangladesh"]
[BlackTeam "Indonesia"]

1. Nf3  Nf6  2. c4  g6  3. b3  Bg7  4. Bb2  O-O  5. g3  d6  6. Bg2  e5  7. O-O  Nh5  8. d4  e4  9. Ne1  f5  10. Qd2  c5  11. e3  Nc6  12. Nc2  Qg5  13. Bc3  Nf6  14. d5  Ne5  15. Bxe5  dxe5  16. Nc3  Bd7  17. a3  Rac8  18. Rab1  h5  19. Ne1  h4  20. f4  exf4  21. gxf4  Qh6  22. Bh3  g5  23. fxg5  Qxg5+  24. Kh1  Ng4  25. Ng2  Be5  26. Nf4  Kh7  27. Nce2  Rg8  28. Ng1  Rg7  29. Rbe1  Rcg8  30. Bxg4  fxg4  31. Qg2  Kh6  32. Nge2  Bf5  33. Rd1  Bd6  34. Ne6  Bxe6  35. dxe6  Qe5  36. Nf4  g3  37. Rd5  gxh2  38. Rxe5  Bxe5  39. Qxh2  Rg4  40. e7  Bd6  41. Qb2  Bxe7  42. Qe5  R8g7  43. Qh5#   1-0

[Event "2021 FIDE Online Olympiad"]
[Site "Chess.com"]
[Date "2021.09.03"]
[Round "4"]
[Board "2"]
[White "Ervan, Mohamad"]
[Black "Uddin, Mohammad Minhaz"]
[Result "0-1"]
[WhiteElo "2375"]
[BlackElo "2328"]
[PlyCount "142"]
[EventDate "2021.09.02"]
[EventType "team"]
[EventRounds "9"]
[EventCountry "FID"]
[WhiteTeam "Indonesia"]
[BlackTeam "Bangladesh"]

1. e4  e5  2. Nf3  Nf6  3. Nxe5  d6  4. Nf3  Nxe4  5. d4  d5  6. Bd3  Nc6  7. O-O  Be7  8. c4  Nb4  9. Be2  O-O  10. Nc3  Bf5  11. a3  Nxc3  12. bxc3  Nc6  13. Bf4  dxc4  14. Bxc4  Bd6  15. Qd2  Bg4  16. Ng5  Bf5  17. Rfe1  Bg6  18. Ne4  Bxf4  19. Qxf4  Re8  20. Nc5  Na5  21. Ba2  Qd6  22. Qf3  b6  23. Ne4  Qe7  24. Qf4  Kh8  25. f3  f6  26. Qd2  Rad8  27. h4  Bxe4  28. fxe4  c5  29. Rad1  cxd4  30. cxd4  Qxa3  31. Bb1  Qg3  32. Re3  Qxh4  33. e5  fxe5  34. Rh3  Qxd4+  35. Qxd4  Rxd4  36. Rxh7+  Kg8  37. Rf1  Rf4  38. Re1  e4  39. Rh5  g6  40. Rd5  Re7  41. g3  Rf6  42. Kg2  Nb7  43. Rxe4  Rxe4  44. Bxe4  Nc5  45. Bf3  Kg7  46. Rd8  Rf7  47. Ra8  Rd7  48. g4  g5  49. Kf2  Ne6  50. Ke3  Kf6  51. Be4  Rc7  52. Bf5  Nf4  53. Rf8+  Rf7  54. Ra8  Ke5  55. Re8+  Kd5  56. Rg8  Re7+  57. Kd2  Kd4  58. Rxg5  b5  59. Rg8  b4  60. Rd8+  Kc4  61. Rc8+  Kb3  62. g5  Re2+  63. Kd1  Rg2  64. Rg8  a5  65. g6  a4  66. Be4  Rg1+  67. Kd2  a3  68. g7  a2  69. Bc2+  Kb2  70. Rb8  Rg2+  71. Ke3  a1=Q   0-1

[Event "2021 FIDE Online Olympiad"]
[Site "Chess.com"]
[Date "2021.09.03"]
[Round "4"]
[Board "3"]
[White "Ahmed, Walijah"]
[Black "Sukandar, Irine Kharisma"]
[Result "0-1"]
[WhiteElo "1724"]
[BlackElo "2381"]
[PlyCount "62"]
[EventDate "2021.09.02"]
[EventType "team"]
[EventRounds "9"]
[EventCountry "FID"]
[WhiteTeam "Bangladesh"]
[BlackTeam "Indonesia"]

1. e4  c5  2. Nf3  e6  3. d4  cxd4  4. Nxd4  Nc6  5. Nc3  d6  6. f4  Bd7  7. Be3  e5  8. Ndb5  Nf6  9. Nxd6+  Bxd6  10. Qxd6  Ng4  11. Nd5  Rc8  12. Bd2  Nd4  13. Bd3  Rc6  14. Qb4  Rxc2  15. Rc1  Rxc1+  16. Bxc1  Bc6  17. fxe5  Ne6  18. O-O  Nxe5  19. Bb5  a6  20. Ba4  b5  21. Bb3  a5  22. Qc3  Qd6  23. Rd1  Qc5+  24. Be3  Qxc3  25. Nxc3  O-O  26. Bf2  b4  27. Nd5  Ng6  28. Bg3  Re8  29. h4  h5  30. Rc1  Nd4  31. Bc2  Ne2+   0-1

[Event "2021 FIDE Online Olympiad"]
[Site "Chess.com"]
[Date "2021.09.03"]
[Round "4"]
[Board "4"]
[White "Sihite, Chelsie Monica Ignesias"]
[Black "Hamid, Rani"]
[Result "1-0"]
[WhiteElo "2233"]
[BlackElo "2020"]
[PlyCount "137"]
[EventDate "2021.09.02"]
[EventType "team"]
[EventRounds "9"]
[EventCountry "FID"]
[WhiteTeam "Indonesia"]
[BlackTeam "Bangladesh"]

1. c4  c5  2. g3  Nc6  3. Bg2  g6  4. Nf3  Bg7  5. O-O  e6  6. Nc3  Nge7  7. e3  O-O  8. d4  cxd4  9. Nxd4  d5  10. cxd5  exd5  11. Nb3  Be6  12. Ne2  Rc8  13. Ned4  Nxd4  14. Nxd4  Nc6  15. Nxe6  fxe6  16. e4  Rc7  17. exd5  Rd7  18. h4  exd5  19. h5  Ne5  20. hxg6  Nxg6  21. Qb3  Kh8  22. Bd2  Rf6  23. Rae1  Rb6  24. Qa4  Rxb2  25. Re2  b5  26. Qg4  Rxa2  27. Bg5  Ra4  28. Qf5  Ne7  29. Qf7  Ng8  30. Qh5  Qb6  31. Bh3  Rd6  32. Re8  Rg6  33. Bf5  Qc6  34. Rfe1  Re4  35. Bxg6  Qxg6  36. Qxg6  Rxe1+  37. Rxe1  hxg6  38. Re6  Kh7  39. Ra6  b4  40. Rxa7  b3  41. Rb7  b2  42. Kf1  Kh8  43. Ke2  d4  44. Kd3  Nf6  45. Bxf6  Bxf6  46. Rxb2  Kg7  47. Rb6  Kf7  48. f4  Bh8  49. g4  Bg7  50. g5  Bh8  51. Rb7+  Kf8  52. Ke4  Bg7  53. Rd7  Kg8  54. Rd8+  Kf7  55. Rd6  Bh8  56. Rd7+  Kf8  57. Kd5  Bg7  58. Ke6  Kg8  59. f5  gxf5  60. Kxf5  Kf8  61. Kg6  Be5  62. Rd5  Bg3  63. Rxd4  Ke7  64. Rd3  Bh2  65. Rf3  Ke8  66. Kh7  Ke7  67. g6  Be5  68. Re3  Kf6  69. Rxe5   1-0

[Event "2021 FIDE Online Olympiad"]
[Site "Chess.com"]
[Date "2021.09.03"]
[Round "4"]
[Board "5"]
[White "Subrota, Biswas"]
[Black "Tarigan, Gilbert Elroy"]
[Result "1-0"]
[WhiteElo "2164"]
[BlackElo "2084"]
[PlyCount "95"]
[EventDate "2021.09.02"]
[EventType "team"]
[EventRounds "9"]
[EventCountry "FID"]
[WhiteTeam "Bangladesh"]
[BlackTeam "Indonesia"]

1. d4  Nf6  2. c4  e6  3. Nc3  Bb4  4. f3  d5  5. a3  Bxc3+  6. bxc3  c5  7. e3  O-O  8. cxd5  exd5  9. Bd3  b6  10. Ne2  Ba6  11. O-O  Bxd3  12. Qxd3  Re8  13. Ng3  Nc6  14. Bb2  h5  15. e4  h4  16. Nf5  dxe4  17. fxe4  Rxe4  18. Nxg7  Kxg7  19. Rxf6  Qxf6  20. Qxe4  c4  21. Rf1  Qg6  22. Qe2  h3  23. g3  f5  24. Re1  Qg4  25. Qxc4  Qf3  26. Qe2  Qxe2  27. Rxe2  Na5  28. Bc1  Rc8  29. Bd2  Nc4  30. Be1  Kf6  31. a4  Nd6  32. Kf2  Ne4+  33. Kf3  Rc4  34. g4  Ng5+  35. Kf4  Ne6+  36. Kg3  Rxa4  37. gxf5  Kxf5  38. Re5+  Kf6  39. Kxh3  Nf4+  40. Kg4  Ng6  41. Re2  b5  42. h4  Ne7  43. h5  Nd5  44. Re5  Nb6  45. Bh4+  Kf7  46. h6  Nc8  47. h7  Kg7  48. Rh5   1-0

[Event "2021 FIDE Online Olympiad"]
[Site "Chess.com"]
[Date "2021.09.03"]
[Round "4"]
[Board "6"]
[White "Nur Abidah, Shanti"]
[Black "Kazi Zarin, Tasnim"]
[Result "1-0"]
[WhiteElo "1908"]
[BlackElo "1595"]
[PlyCount "141"]
[EventDate "2021.09.02"]
[EventType "team"]
[EventRounds "9"]
[EventCountry "FID"]
[WhiteTeam "Indonesia"]
[BlackTeam "Bangladesh"]

1. e4  e5  2. Nf3  Nc6  3. Bc4  Bc5  4. c3  Nf6  5. d3  h6  6. Nbd2  O-O  7. h3  d6  8. Nf1  Re8  9. Ng3  Be6  10. Bb5  a6  11. Ba4  b5  12. Bc2  d5  13. exd5  Nxd5  14. O-O  Qd7  15. Ne4  Be7  16. a4  Rad8  17. axb5  axb5  18. Ra6  f5  19. Ng3  Bc5  20. Kh2  Bb6  21. Qe2  Bf7  22. Nh4  Nf4  23. Qd1  Nxd3  24. Nhxf5  Nxc1  25. Qxc1  Bc4  26. Rd1  Qe6  27. Ne3  Bb3  28. Rxd8  Rxd8  29. Bf5  Qf7  30. Qa1  Bxe3  31. fxe3  Ne7  32. Ra8  Rf8  33. Rxf8+  Qxf8  34. Qa3  Bd5  35. Qc5  c6  36. e4  Nxf5  37. Qxf8+  Kxf8  38. exf5  Kf7  39. Kg1  Kf6  40. Kf2  Bb3  41. Ke3  Bc2  42. Nh5+  Kxf5  43. Nxg7+  Kg6  44. Ne8  Kf5  45. g3  Bb3  46. Nd6+  Ke6  47. Ne4  Bd5  48. Nf2  h5  49. g4  hxg4  50. Nxg4  Kf5  51. Nf2  Kg5  52. Nd3  Kf6  53. h4  Bf7  54. Nc5  Kf5  55. Na6  Bd5  56. Nc5  Bf7  57. Nd3  Bd5  58. h5  Kg5  59. Nxe5  Kxh5  60. Kd4  Kg5  61. Kc5  Kf5  62. Nxc6  Bc4  63. Nd4+  Ke4  64. Nxb5  Bf1  65. Nd6+  Kd3  66. c4  Kc2  67. b4  Kb3  68. b5  Ka4  69. b6  Ka5  70. b7  Bxc4  71. b8=Q   1-0

[Event "2021 FIDE Online Olympiad"]
[Site "Chess.com"]
[Date "2021.09.03"]
[Round "4"]
[Board "1"]
[White "Bersamina, Paulo"]
[Black "Tin, Jingyao"]
[Result "1/2-1/2"]
[WhiteElo "2286"]
[BlackElo "2352"]
[PlyCount "130"]
[EventDate "2021.09.02"]
[EventType "team"]
[EventRounds "9"]
[EventCountry "FID"]
[WhiteTeam "Philippines"]
[BlackTeam "Singapore"]

1. e4  e5  2. Nf3  Nc6  3. Bc4  Nf6  4. d3  Bc5  5. c3  d6  6. a4  a6  7. Nbd2  O-O  8. O-O  Ba7  9. Re1  Ng4  10. Re2  Kh8  11. h3  Nh6  12. Nf1  f5  13. Bxh6  gxh6  14. Rd2  fxe4  15. dxe4  Qf6  16. Ng3  Ne7  17. Kh2  Qf4  18. Rc2  Bd7  19. Qd2  Ng6  20. Qxf4  Rxf4  21. Nh5  Rxe4  22. b3  Rxc4  23. bxc4  Rf8  24. a5  Bc6  25. Rb2  Nf4  26. Nxf4  Rxf4  27. Kg3  Rxc4  28. Ra3  Bc5  29. Rab3  Ra4  30. Rxb7  Bxb7  31. Rxb7  Rxa5  32. Rxc7  Ra2  33. Rd7  Rxf2  34. Nd4  Rf6  35. Nc6  Bf2+  36. Kh2  e4  37. Re7  e3  38. g4  h5  39. Kg2  hxg4  40. hxg4  Rf4  41. Nd4  Rxg4+  42. Kf3  Rg3+  43. Ke2  h5  44. Nf5  Rg5  45. Nxd6  Rd5  46. Ne4  Rf5  47. c4  Kg8  48. c5  Kf8  49. Rh7  Rf4  50. c6  Rxe4  51. c7  Rc4  52. Rh8+  Kg7  53. c8=Q  Rxc8  54. Rxc8  h4  55. Rc7+  Kg6  56. Rc6+  Kg5  57. Kf3  h3  58. Rxa6  h2  59. Kg2  Bg1  60. Re6  Kf5  61. Re8  Kf4  62. Rxe3  Kxe3  63. Kh1  Kf4  64. Kg2  Kg4  65. Kh1  Kh3   1/2-1/2

[Event "2021 FIDE Online Olympiad"]
[Site "Chess.com"]
[Date "2021.09.03"]
[Round "4"]
[Board "2"]
[White "Goh, Wei Ming Kevin"]
[Black "Garcia, Jan Emmanuel"]
[Result "0-1"]
[WhiteElo "2422"]
[BlackElo "2350"]
[PlyCount "66"]
[EventDate "2021.09.02"]
[EventType "team"]
[EventRounds "9"]
[EventCountry "FID"]
[WhiteTeam "Singapore"]
[BlackTeam "Philippines"]

1. e4  e5  2. Nf3  Nc6  3. d4  exd4  4. Nxd4  Qf6  5. Nf3  Qg6  6. Nbd2  Bc5  7. Qe2  d6  8. Nb3  Bb6  9. Bf4  Nf6  10. Nfd2  Be6  11. f3  d5  12. a4  a5  13. Be3  dxe4  14. Bxb6  exf3  15. Qxf3  cxb6  16. Bd3  Qg5  17. O-O  O-O  18. Qf2  Ng4  19. Qxb6  Bxb3  20. Nxb3  Qe5  21. g3  Qh5  22. h4  Qe5  23. Rf4  h5  24. Nd2  Nb4  25. Nc4  Qe7  26. Bf1  Nd5  27. Qd4  Nxf4  28. Qxf4  Rad8  29. c3  Rfe8  30. Qf5  g6  31. Qxa5  Qf6  32. Qa7  Qf3  33. Bg2  Qxg3   0-1

[Event "2021 FIDE Online Olympiad"]
[Site "Chess.com"]
[Date "2021.09.03"]
[Round "4"]
[Board "3"]
[White "Magpily, Francois Marie"]
[Black "Gong, Qianyun"]
[Result "1-0"]
[WhiteElo "1808"]
[BlackElo "2322"]
[PlyCount "99"]
[EventDate "2021.09.02"]
[EventType "team"]
[EventRounds "9"]
[EventCountry "FID"]
[WhiteTeam "Philippines"]
[BlackTeam "Singapore"]

1. e4  e6  2. Nc3  d5  3. Qe2  d4  4. Nd1  c5  5. d3  Nc6  6. g3  Nf6  7. Bg2  Rb8  8. Nh3  e5  9. O-O  Bd6  10. f4  Bg4  11. Qd2  c4  12. a3  Rc8  13. Ndf2  cxd3  14. cxd3  Na5  15. Nxg4  Nxg4  16. Qd1  Ne3  17. Bxe3  dxe3  18. b4  Nc6  19. Qg4  O-O  20. Rae1  f6  21. Rxe3  a5  22. fxe5  Bxe5  23. Kh1  axb4  24. axb4  Nxb4  25. Rd1  Nc2  26. Rf3  Nd4  27. Rf2  Kh8  28. Nf4  Bxf4  29. gxf4  f5  30. Qh3  Rc6  31. e5  Rh6  32. Qg3  b5  33. Rb2  Qd7  34. Ra1  Rb8  35. Qe3  Ne6  36. Rba2  Nc7  37. Ra7  Qd8  38. Qc5  Ne6  39. Qe3  Nf8  40. d4  Rhb6  41. d5  b4  42. e6  Ng6  43. e7  Nxe7  44. Rxe7  b3  45. Re1  h6  46. Qe5  Qg8  47. d6  b2  48. Rb1  Qf8  49. d7  Rd8  50. Re8   1-0

[Event "2021 FIDE Online Olympiad"]
[Site "Chess.com"]
[Date "2021.09.03"]
[Round "4"]
[Board "4"]
[White "Liu, Yang Hazel"]
[Black "Villa, Ma. Elayza"]
[Result "1/2-1/2"]
[WhiteElo "2065"]
[BlackElo "1468"]
[PlyCount "104"]
[EventDate "2021.09.02"]
[EventType "team"]
[EventRounds "9"]
[EventCountry "FID"]
[WhiteTeam "Singapore"]
[BlackTeam "Philippines"]

1. d4  d5  2. Bf4  Nf6  3. Nc3  c6  4. e3  Bf5  5. f3  e6  6. g4  Bg6  7. h4  h6  8. Bd3  Bxd3  9. Qxd3  Bd6  10. Nge2  Bxf4  11. Nxf4  Nbd7  12. O-O-O  Nb6  13. g5  Nfd7  14. g6  O-O  15. gxf7+  Rxf7  16. Nxe6  Qf6  17. Nf4  Nc4  18. Rde1  Nxe3  19. Rxe3  Qxf4  20. Ne2  Qf5  21. Qxf5  Rxf5  22. Ng3  Rf7  23. Kd2  Raf8  24. Ke2  Nb6  25. b3  a5  26. a4  Nc8  27. Kf2  Nd6  28. Kg2  Nf5  29. Nxf5  Rxf5  30. Rh3  Rf4  31. c3  b6  32. Kg3  c5  33. dxc5  bxc5  34. Rh2  c4  35. bxc4  Rxc4  36. Rd2  Rd8  37. Rd4  Rxd4  38. cxd4  Rc8  39. Re5  Rc4  40. Rxd5  Rxa4  41. Rd7  Ra1  42. Ra7  a4  43. d5  Rd1  44. Rxa4  Rxd5  45. Ra7  Kh7  46. Kg4  Rb5  47. f4  Rb1  48. h5  Rg1+  49. Kh4  Rh1+  50. Kg4  Rg1+  51. Kh4  Rh1+  52. Kg4  Rg1+   1/2-1/2

[Event "2021 FIDE Online Olympiad"]
[Site "Chess.com"]
[Date "2021.09.03"]
[Round "4"]
[Board "5"]
[White "Concio, Michael Jr."]
[Black "Wong, Zhenyong Jayden"]
[Result "0-1"]
[WhiteElo "2010"]
[BlackElo "1711"]
[PlyCount "92"]
[EventDate "2021.09.02"]
[EventType "team"]
[EventRounds "9"]
[EventCountry "FID"]
[WhiteTeam "Philippines"]
[BlackTeam "Singapore"]

1. g3  c5  2. Bg2  Nc6  3. c4  g6  4. Nc3  Bg7  5. e4  Nf6  6. Nge2  O-O  7. O-O  Ne8  8. a3  d6  9. d3  Nc7  10. Rb1  a5  11. Be3  Ne6  12. Nb5  Ned4  13. Nexd4  Nxd4  14. Nxd4  cxd4  15. Bd2  a4  16. b4  axb3  17. Qxb3  Bd7  18. Rfc1  Bc6  19. c5  Ra6  20. Bb4  dxc5  21. Rxc5  Qd7  22. Rbc1  e5  23. f4  exf4  24. gxf4  Rfa8  25. f5  Bf8  26. Re5  Rxa3  27. Bxa3  Rxa3  28. Qb6  Bd6  29. Qxd4  Bxe5  30. Qxe5  Rxd3  31. Rf1  Qd4+  32. Qxd4  Rxd4  33. Kf2  Bxe4  34. Re1  gxf5  35. Bf1  Kg7  36. Ke3  Rb4  37. Rd1  Kf6  38. Rd8  Rb3+  39. Kd4  Rb2  40. Kc3  Rc2+  41. Kb3  Rxh2  42. Bc4  f4  43. Rd7  Bg6  44. Rxb7  f3  45. Kc3  Rc2+  46. Kd4  Rxc4+   0-1

[Event "2021 FIDE Online Olympiad"]
[Site "Chess.com"]
[Date "2021.09.03"]
[Round "4"]
[Board "6"]
[White "Hng, Mei-En Emmanuelle"]
[Black "San Diego, Jerlyn Mae"]
[Result "0-1"]
[WhiteElo "1634"]
[BlackElo "1670"]
[PlyCount "90"]
[EventDate "2021.09.02"]
[EventType "team"]
[EventRounds "9"]
[EventCountry "FID"]
[WhiteTeam "Singapore"]
[BlackTeam "Philippines"]

1. e4  c5  2. d4  g6  3. Nf3  Bg7  4. Bc4  cxd4  5. c3  Nf6  6. e5  Ng4  7. cxd4  d5  8. Bb3  O-O  9. Nc3  e6  10. O-O  Nc6  11. h3  Nh6  12. Bg5  Qb6  13. g4  Kh8  14. Qd2  Ng8  15. Rac1  f6  16. Be3  fxe5  17. Nxe5  Bxe5  18. dxe5  d4  19. Bh6  Nxe5  20. Bd1  dxc3  21. Qxc3  Nxh6  22. Qxe5+  Kg8  23. Rc7  Nf7  24. Qc3  e5  25. Bb3  Be6  26. Bxe6  Qxe6  27. Rc1  Ng5  28. Rxb7  Rac8  29. Rc7  Rxc7  30. Qxc7  Nxh3+  31. Kh2  Nxf2  32. Qc4  Nxg4+  33. Kg3  Qxc4  34. Rxc4  Ne3  35. Rc7  Rf7  36. Rc8+  Kg7  37. Re8  Kf6  38. Kf3  Nf5  39. Ke2  e4  40. b4  e3  41. b5  Rd7  42. a4  Rd2+  43. Ke1  Ra2  44. Re4  Ra1+  45. Ke2  Ng3+   0-1